000 00820nam a2200241 a 4500
001 000023783
005 20200930022451.0
008 110113s1969 ve r 000 p spa d
040 _aDO-SdBNP
_bspa
_cBNPHU
082 _a811.08
_bG528c
100 1 _aGirri, Alberto,
_d1919-1991.
_948952
245 1 0 _aCosmopolitismo y disensión :
_bantología de la poesía norteamericana actual /
_cAlberto Girri.
260 _aCaracas, (Venezuela) :
_bMonte Ávila Editores,
_c[1969].
300 _a361, [8] p. ;
_c21 cm.
490 1 _aAltazor
500 _aTexto en español-inglés.
504 _aIncluye referencias bibliográficas
650 4 _aPoesía estadounidense
_xColecciones
_948953
650 4 _aPoesía estadounidense
_96278
650 4 _aLiteratura estadounidense
_9263
830 0 _aAltazor
_98724
049 _aBNGR
999 _c23279
_d23279